| 000 | 00699cam a22002413a 4500 | ||
|---|---|---|---|
| 001 | 22033 | ||
| 003 | PGUSA | ||
| 005 | 20140828083453.0 | ||
| 008 | 070710s2007||||xxu|||||s|||||000 1 eng d | ||
| 040 |
_aPGUSA _beng |
||
| 042 | _adc | ||
| 050 | 4 | _aPZ | |
| 100 | 1 |
_aRolt-Wheeler, Francis, _d1876-1960 |
|
| 245 | 1 | 0 |
_aPlotting in Pirate Seas _h[electronic resource] / _cFrancis Rolt-Wheeler |
| 260 |
_bProject Gutenberg, _c2007 |
||
| 506 | _aPublic domain in the USA. | ||
| 516 | _aElectronic text | ||
| 653 | _aWest Indies -- Juvenile fiction | ||
| 700 | 1 |
_aFederer, C. A. _q(Charles A.) |
|
| 830 | 0 |
_aProject Gutenberg _v22033 |
|
| 856 | 4 | 0 | _uhttp://www.gutenberg.org/ebooks/22033 |
| 942 | _cEB | ||
| 999 |
_c251288 _d251288 |
||